Sindicalización de los trabajadores del Centro Médico Policenter, comuna de La Florida, Región Metropolitana

La presente investigación surge de la observación como testigo directa de ese proceso en que los trabajadores se agrupan para formar una organización de la que serían protagonistas, sus esfuerzos por enfocarse en la defensa de sus derechos laborales que hasta ese momento habían sido atropellados por...

Full description

Bibliographic Details
Main Author: Castro Lorca, América
Other Authors: Ruz Aguilera, Omar (profesor guía)
Format: Tesis
Language:Spanish
Published: Santiago, Chile : Universidad Academia de Humanismo Cristiano, 2015.
Subjects:
Online Access:Disponible en línea (PDF). Biblioteca Digital UAHC

MARC

LEADER 00000nmm a22000007a 4500
003 UAHC
005 20240424134914.0
008 230706s2015 cl |||| o||d| 00| 0 spa
040 |a UAHC  |c UAHC 
100 |9 18259  |a Castro Lorca, América 
245 1 0 |a Sindicalización de los trabajadores del Centro Médico Policenter, comuna de La Florida, Región Metropolitana  |c América Miriam Castro Lorca ; profesor guía Omar Ruz Aguilera. 
260 |a Santiago, Chile :  |b Universidad Academia de Humanismo Cristiano,  |c 2015. 
300 |a 122 páginas. 
500 |a Tesis para optar al grado de Licenciado/a en Trabajo Social y al título de Asistente Social. 
502 |a Tesis (Trabajo Social) -- Universidad Academia de Humanismo Cristiano, 2015. 
516 |a Tesis electrónica (PDF). Solicitar envío de documento a biblioteca@academia.cl. 
520 |a La presente investigación surge de la observación como testigo directa de ese proceso en que los trabajadores se agrupan para formar una organización de la que serían protagonistas, sus esfuerzos por enfocarse en la defensa de sus derechos laborales que hasta ese momento habían sido atropellados por el empleador, sus esfuerzo para concretar el sindicato y marcar un hito en la historia de este Centro Médico, marcando un precedente en la labor social desarrollada posteriormente. 
650 0 |9 8857  |a Sindicatos 
650 0 |9 8858  |a Sindicalismo 
650 0 |9 8283  |a Derechos de los trabajadores 
700 |9 1080  |a Ruz Aguilera, Omar  |e profesor guía 
856 |u http://bibliotecadigital.academia.cl/xmlui/handle/123456789/6928  |y Disponible en línea (PDF). Biblioteca Digital UAHC 
900 |a TTRASO 697 
942 |c TS  |2 ddc 
952 |0 0  |1 0  |4 0  |6 TTRASO_697_000000000000000  |7 0  |8 COMP  |9 98470  |a BC  |b BC  |c Digital  |d 2023-07-06  |l 0  |o TTRASO 697  |r 2023-07-06 00:00:00  |w 2023-07-06  |y TS  |z Documento en PDF  |B TSOC 
999 |c 60912  |d 60912